000 00744nam a2200205Ia 4500
005 20260121110345.0
008 008 260114s9999 xx 000 0 hin d
020 _a9788132361381
037 _aEBOOK
040 _aCRL
_bhin
_cCRL
041 _ahin
_2hin
084 _qCRL
100 _aरमेश सिंघल / Geetika Pal
_9945186
245 0 _aशरीर रचना, क्रियाविज्ञान एवं स्वास्थ्य शिक्षा / Sharir rachna, kriyavigyaan aur swasthya shiksha
260 _bभाषा प्रकाशन / Bhasha Prakashan
_c2021
856 _uhttps://bhashaprakashan.com/product-details/379089
942 _cEBOOK
999 _c1536850
_d1536850